00709nam a2200157 a 4500090001400000041000800014100003500022111013200057245007700189249009500266260005300361300001500414773009500429942001200524999001500536 aLBb05475 aspa aMontes Giraldo, Natalia992643 aCurso Internacional de restauración ecológica de áreas degradadas por minería a cielo abiertocBogotád2008n2992642 aPapel de la fauna en la restauración ecológica de áreas degradadas aRestauración ecológica de áreas degradadas por minería a cielo abierto en Colombia aBogotábPontificia Universidad Javerianac2009 ap. 139-150 tRestauración ecológica de áreas degradadas por minería a cielo abierto en Colombia cIMPRESO c6857d6857